Strategic marketing

Αποθηκεύτηκε σε:
Λεπτομέρειες βιβλιογραφικής εγγραφής
Κύριος συγγραφέας: Cravens, David W.
Μορφή: Βιβλίο
Γλώσσα:English
Δημοσίευση: Illinois, Massachusetts, Australia : Irwin, 1994
Έκδοση:4th ed.
Σειρά:Irwin series in marketing
Θέματα:
Ετικέτες: Προσθήκη ετικέτας
Δεν υπάρχουν, Καταχωρήστε ετικέτα πρώτοι!

MARC

LEADER 00000nam a2200000 i 4500
001 1/37928
008 960112s1994 eng d
020 |a 0-256-15612-3 
035 |l 10024768 
040 |a GR-MY-UA  |b gre  |e aacr 
041 0 |a eng 
082 0 |a 658.802 
100 1 |a Cravens, David W. 
245 1 0 |a Strategic marketing /  |c David, Cravens 
250 |a 4th ed. 
260 |a Illinois, Massachusetts, Australia :   |b Irwin,   |c 1994 
300 |a 811 p. 
490 1 |a Irwin series in marketing 
500 |a Includes bibliographical references and indexes 
650 0 0 |a Marketing  |x Decision making. 
650 0 0 |a Marketing  |x Management. 
650 0 0 |a Marketing  |x Management  |v Case studies. 
830 0 |a Irwin series in marketing 
852 |a INST  |b CHIOS  |e 19960129  |h 658.802 CRA  |p 005200001072  |q 005200001072  |t BK  |y 0 
852 |a INST  |b CHIOS  |e 19960112  |h 658.802 CRA  |p 005200001449  |q 005200001449  |t BK  |y 4  |x 20131031 
909 |a Χ  |b 041100 
909 |a Χ  |b 040394